000 00661nam a2200241 a 4500
005 20210219153327.0
008 991125n 000 0 spa u
035 _aUPN01000091305
100 1 _aCaballero García, P. A.
222 _aANALES DE PEDAGOGIA
245 _aParadigma para el cambio : una propuesta de investigación para la orientación familiar
260 _aEspaña
300 _a101-116
362 0 _a1990 8
653 0 _aFAMILIA
653 0 _aINVESTIGACION
653 0 _aORIENTACION FAMILIAR
653 0 _aSOCIEDAD
700 1 _aSerrano Pastor, Francisca José,
700 1 _ecoaut.
904 _aAC
_b029116
905 _aArticulo
999 _c73982
_d73982